| 000 | 01041nam a2200313 a 4500 | ||
|---|---|---|---|
| 001 | vtls000808770 | ||
| 003 | NLI | ||
| 005 | 20210627054049.0 | ||
| 008 | 110331s1951 mdua 001 0 eng | ||
| 039 | 9 |
_y201103311630 _zVargis_01 |
|
| 040 | 0 |
_aNLI _beng _cVergis_S _eAACR2 |
|
| 041 | 0 | _aeng | |
| 044 | _amdu | ||
| 084 | _a148 | ||
| 100 | 1 |
_aGrassmuck, George _9780179 |
|
| 245 | 1 | 0 |
_aSectional biases in congress on foreign policy / _cby George Grassmuck |
| 260 |
_aBaltimore : _bJohns Hopkins Press, _c1951 |
||
| 300 |
_a181 p. : _bill.; _c23 cm. |
||
| 440 | 0 |
_aJohns Hopkins University. Studies in historical and political science, _vser. 68, no. 3 _9780180 |
|
| 500 | _aIncludes index | ||
| 610 | 1 | 0 |
_aUnited States. _bCongress |
| 650 | 0 |
_aSectionalism (United States) _9780181 |
|
| 651 | 0 |
_aUnited States _xForeign relations _y20th century _9780182 |
|
| 887 | _a | ||
| 901 |
_a291588 ; _b21.03.1952 |
||
| 902 | _a148 G 2169 | ||
| 949 |
_AVIRTUAITEM _D10000 _X100 _6PUR000291588ENG |
||
| 942 |
_2ddc _cBKS |
||
| 999 |
_aVIRTUA _c658043 _d658043 |
||